[Event "AUTO-ADV-340"]
[Site "http://www.queenalice.com/game.php?id=144612"]
[Date "2006.12.21"]
[Round "1"]
[White "lecterror"]
[Black "Twinigo"]
[Result "1/2-1/2"]
[WhiteElo "1889"]
[BlackElo "2050"]

1. d4 Nf6 2. c4 c5 3. d5 b5 4. cxb5 a6 5. b6 Bb7 6. Nc3 Qxb6 7. e4 g6 8. a4 Bg7
9. a5 Qc7 10. Bc4 d6 11. f4 Nbd7 12. Nf3 O-O 13. O-O Ne8 14. Qe2 f5 15. e5 Kh8
16. e6 Ndf6 17. Rd1 Ne4 18. Nxe4 fxe4 19. Qxe4 Nf6 20. Qe2 Rab8 21. Ra2 Nh5 22.
g3 Nf6 23. b3 Ng4 24. h3 Nh6 25. Kh2 Nf5 26. Rf1 Nd4 27. Qd3 Rf5 28. g4 Rxd5 29.
Bxd5 Bxd5 30. Nxd4 cxd4 31. Rc2 Qb7 32. Bb2 Be4 33. Qd2 Bxc2 34. Qxc2 Rc8
1/2-1/2

[Event "AUTO-ADV-340"]
[Site "http://www.queenalice.com/game.php?id=144613"]
[Date "2006.12.21"]
[Round "1"]
[White "Twinigo"]
[Black "lecterror"]
[Result "0-1"]
[WhiteElo "2012"]
[BlackElo "1867"]

1. e4 e6 2. d4 d5 3. exd5 exd5 4. Nf3 Nf6 5. h3 Be7 6. c4 O-O 7. Nc3 Re8 8. Be3
Nc6 9. Be2 dxc4 10. Bxc4 Na5 11. Bd3 Be6 12. Ne5 Bd6 13. O-O c5 14. Qa4 cxd4 15.
Bxd4 Bb3 16. axb3 Bxe5 17. Rfd1 Bxd4 18. Bxh7+ Kxh7 19. Rxd4 Qb6 20. Rh4+ Kg8
21. Qxa5 Re1+ 22. Kh2 Rxa1 23. Qxa1 Qxf2 24. Rc4 Re8 25. Qc1 Re3 0-1

[Event "AUTO-ADV-340"]
[Site "http://www.queenalice.com/game.php?id=144614"]
[Date "2006.12.21"]
[Round "1"]
[White "lecterror"]
[Black "Eduarte"]
[Result "1/2-1/2"]
[WhiteElo "1856"]
[BlackElo "1833"]

1. d4 d5 2. c4 e6 3. Nc3 Nf6 4. Bg5 Be7 5. e3 h6 6. Bh4 c6 7. Nf3 Nbd7 8. Qc2
Nf8 9. cxd5 exd5 10. Bd3 Bg4 11. Ne5 N8d7 12. Bxf6 Nxf6 13. Nxg4 Nxg4 14. h3 Nf6
15. O-O O-O 16. Rab1 Re8 17. b4 Bd6 18. b5 Rc8 19. bxc6 bxc6 20. Ba6 Rc7 21. Na4
Ne4 22. Bd3 Qh4 23. Bxe4 Rxe4 24. Rb8+ Kh7 25. Nc3 Re7 26. Nxe4 dxe4 27. Rc8 g5
28. Rxc6 Re6 29. Rc1 g4 30. Rxd6 Rxd6 31. Qxe4+ Rg6 32. Rc7 Kg7 33. Qe5+ Rf6 34.
hxg4 Qxf2+ 35. Kh2 Qh4+ 1/2-1/2

[Event "AUTO-ADV-340"]
[Site "http://www.queenalice.com/game.php?id=144615"]
[Date "2006.12.21"]
[Round "1"]
[White "Eduarte"]
[Black "lecterror"]
[Result "0-1"]
[WhiteElo "1841"]
[BlackElo "1838"]

1. e4 e6 2. d4 d5 3. Nd2 c5 4. dxc5 Bxc5 5. Nb3 Bb6 6. exd5 exd5 7. Nf3 Nf6 8.
Bd3 O-O 9. O-O Bg4 10. h3 Bh5 11. c3 Re8 12. Bg5 Qd6 13. Re1 Rxe1+ 14. Qxe1 Bxf3
15. Bxf6 gxf6 16. Qe8+ Kg7 17. gxf3 Qg3+ 18. Kh1 Qxh3+ 19. Kg1 Qg3+ 20. Kh1 Bxf2
21. Qc8 Qxf3+ 22. Kh2 Bg3+ 23. Kh3 Bf4+ 24. Kh4 Qg3+ 25. Kh5 Qg5# 0-1

[Event "AUTO-ADV-340"]
[Site "http://www.queenalice.com/game.php?id=144616"]
[Date "2006.12.21"]
[Round "1"]
[White "lecterror"]
[Black "Kisei"]
[Result "1-0"]
[WhiteElo "1895"]
[BlackElo "1984"]

1. d4 d5 2. c4 e6 3. Nc3 Nf6 4. Bg5 Be7 5. e3 h6 6. Bh4 O-O 7. Nf3 b6 8. cxd5
Nxd5 9. Nxd5 exd5 10. Bxe7 Qxe7 11. Qb3 Bb7 12. Rc1 Rc8 13. Be2 c5 14. dxc5 bxc5
15. O-O c4 16. Qc3 Nd7 17. Rfd1 Nf6 18. Nd2 Ne4 19. Nxe4 Qxe4 20. Bf3 Qg6 21.
Rd4 Rd8 22. Rg4 Qh7 23. Rd1 f5 24. Rgd4 g5 25. Rxd5 Bxd5 26. Bxd5+ Kf8 27. Qf6+
1-0

[Event "AUTO-ADV-340"]
[Site "http://www.queenalice.com/game.php?id=144617"]
[Date "2006.12.21"]
[Round "1"]
[White "Kisei"]
[Black "lecterror"]
[Result "0-1"]
[WhiteElo "1731"]
[BlackElo "1856"]

1. e4 e6 2. d4 d5 3. Nc3 Bb4 4. e5 c5 5. a3 Bxc3+ 6. bxc3 Ne7 7. Qg4 O-O 8. Bd3
Nbc6 9. Nf3 f5 10. Qh5 Bd7 11. O-O c4 12. Ng5 h6 0-1

[Event "Challenge"]
[Site "http://www.queenalice.com/game.php?id=179112"]
[Date "2007.3.9"]
[Round "-"]
[White "Nelson"]
[Black "lecterror"]
[Result "1-0"]
[WhiteElo "2213"]
[BlackElo "1931"]

1. d4 e6 2. e4 d5 3. Nc3 Bb4 4. Ne2 dxe4 5. a3 Be7 6. Ng3 Nf6 7. Bb5+ Bd7 8. Bc4
Bc6 9. O-O O-O 10. Re1 Bd5 11. Be2 c5 12. Be3 Nbd7 13. dxc5 Bxc5 14. Bxc5 Nxc5
15. b4 Ncd7 16. Bb5 Rc8 17. Ngxe4 Bxe4 18. Nxe4 Nxe4 19. Rxe4 Nf6 20. Rd4 Qb6
21. Bd3 g6 22. Rh4 Rfd8 23. Qe2 Rd4 24. Rxd4 Qxd4 25. Rd1 Nd5 26. Qf3 Rc3 27. h3
Rxa3 28. Bxg6 Rxf3 29. Rxd4 Rc3 30. Be4 b6 31. b5 Rc5 32. c4 Nc3 33. Bd3 Rc7 34.
Kf1 Na4 35. Ke2 Nc5 36. Rd8+ Kg7 37. Ke3 Rd7 38. Rxd7 Nxd7 39. g4 Nc5 40. h4 h5
41. g5 f6 42. f4 fxg5 43. fxg5 e5 44. Be4 Kf7 45. Bc6 Kg6 46. Bf3 Ne6 47. Ke4
Nd4 48. Bd1 Nf5 49. Bxh5+ 1-0

[Event "Challenge"]
[Site "http://www.queenalice.com/game.php?id=187356"]
[Date "2007.3.25"]
[Round "-"]
[White "headhunter"]
[Black "lecterror"]
[Result "1-0"]
[WhiteElo "1961"]
[BlackElo "1895"]

1. e4 e6 2. d4 d5 3. Nc3 Bb4 4. e5 c5 5. a3 Bxc3+ 6. bxc3 Ne7 7. Qg4 O-O 8. Bd3
f5 9. exf6 Rxf6 10. Qh5 g6 11. Qh4 Nf5 12. Bxf5 exf5 13. Ne2 Rf8 14. Bg5 Qe8 15.
Kd2 Qe4 16. Nf4 cxd4 17. Rae1 dxc3+ 18. Kc1 Qc4 19. Re7 1-0

[Event "Challenge"]
[Site "http://www.queenalice.com/game.php?id=191250"]
[Date "2007.4.3"]
[Round "-"]
[White "lecterror"]
[Black "Donyelko"]
[Result "1-0"]
[WhiteElo "1915"]
[BlackElo "1914"]

1. d4 d5 2. c4 e6 3. Nc3 Nf6 4. Bg5 Be7 5. e3 Ne4 6. Bxe7 Kxe7 7. Nxe4 dxe4 8.
Qg4 g6 9. Qxe4 c6 10. a3 Nd7 11. Nf3 Kf8 12. Be2 Kg7 13. O-O Re8 14. Rfd1 Kg8
15. h3 Qf6 16. Ne5 Nxe5 17. dxe5 Qe7 18. Rd4 Rb8 19. b4 c5 20. Rd6 cxb4 21. axb4
b6 22. Qd4 Bb7 23. Rxa7 1-0

[Event "AUTO-ADV-340"]
[Site "http://www.queenalice.com/game.php?id=224690"]
[Date "2007.6.14"]
[Round "2"]
[White "lecterror"]
[Black "Pagano"]
[Result "1/2-1/2"]
[WhiteElo "1955"]
[BlackElo "2028"]

1. d4 d5 2. c4 c6 3. Nc3 Nf6 4. Bg5 dxc4 5. a4 e6 6. Nf3 Bb4 7. Bd2 O-O 8. e3
Bxc3 9. Bxc3 b5 10. axb5 cxb5 11. b3 Ne4 12. Qc2 cxb3 13. Qxe4 Qd5 14. Qxd5 exd5
15. Bxb5 Bd7 16. Bd3 Rc8 17. Bb2 a5 18. O-O Nc6 19. Rfc1 Nb4 20. Ne5 Nxd3 21.
Nxd3 Rc2 22. Rxc2 bxc2 23. Rc1 a4 24. Rxc2 Bf5 25. Rc3 Rb8 26. Ba3 Bxd3 27. f3
Bc4 28. e4 Rb3 29. Rxb3 axb3 30. Kf2 f6 31. Ke3 Kf7 32. Kd2 Bf1 33. g3 Bg2 34.
exd5 Bxf3 35. d6 Ke6 36. Kc3 Bd5 37. Kd3 g5 38. h4 gxh4 39. gxh4 h5 40. Ke3 Bc6
41. Kd3 f5 1/2-1/2

[Event "AUTO-ADV-340"]
[Site "http://www.queenalice.com/game.php?id=224691"]
[Date "2007.6.14"]
[Round "2"]
[White "Pagano"]
[Black "lecterror"]
[Result "1-0"]
[WhiteElo "2083"]
[BlackElo "1958"]

1. f4 d5 2. Nf3 Nf6 3. b3 g6 4. Bb2 Bg7 5. g3 b6 6. Bg2 Bb7 7. O-O O-O 8. h3 Nc6
9. d3 Nh5 10. Bxg7 Nxg7 11. e4 dxe4 12. dxe4 Qxd1 13. Rxd1 Nb4 14. Rd2 Bxe4 15.
Na3 Rad8 16. Nd4 Bxg2 17. Kxg2 c5 18. Nf3 Nf5 19. c3 Rxd2+ 20. Nxd2 Nd5 21. Ne4
Rd8 22. Rc1 Kg7 23. Kf3 Nf6 24. Nxf6 Kxf6 25. g4 Nh4+ 26. Ke4 Ke6 27. Nc4 f5+
28. Ke3 fxg4 29. hxg4 h5 30. Rh1 g5 31. fxg5 Ng6 32. gxh5 Rh8 33. Ke4 b5 34. Ne3
Ne5 35. Nd5 Ng4 36. Nf4+ Kd7 37. Nd3 Kd6 38. Kf4 c4 39. Kxg4 cxd3 40. Rd1 1-0

[Event "Challenge"]
[Site "http://www.queenalice.com/game.php?id=255387"]
[Date "2007.8.14"]
[Round "-"]
[White "Bobby_F"]
[Black "lecterror"]
[Result "1-0"]
[WhiteElo "2226"]
[BlackElo "1947"]

1. e4 e6 2. d4 d5 3. Nc3 Bb4 4. e5 c5 5. a3 Bxc3+ 6. bxc3 Ne7 7. Qg4 Qc7 8. Qxg7
Rg8 9. Qxh7 cxd4 10. Ne2 Nbc6 11. f4 Bd7 12. Qd3 dxc3 13. Qxc3 O-O-O 14. Ng3 Kb8
15. Bd3 Bc8 16. O-O Qb6+ 17. Rf2 Rh8 18. a4 d4 19. a5 Qc7 20. Qa3 Rd5 21. Bd2
Ka8 22. a6 bxa6 23. Ne4 Nf5 24. Rff1 Qe7 25. Qa4 Bd7 26. Qxa6 Rb8 27. Nf6 1-0

[Event "Challenge"]
[Site "http://www.queenalice.com/game.php?id=255389"]
[Date "2007.8.14"]
[Round "-"]
[White "lecterror"]
[Black "Bobby_F"]
[Result "0-1"]
[WhiteElo "1947"]
[BlackElo "2219"]

1. d4 Nf6 2. c4 e6 3. Nc3 Bb4 4. Qc2 O-O 5. a3 Bxc3+ 6. Qxc3 b6 7. f3 d5 8. Bg5
dxc4 9. Qxc4 Ba6 10. Qc2 Qxd4 11. e3 Qe5 12. Bf4 Qh5 13. Bxa6 Nxa6 14. Ne2 Rad8
15. O-O Nd5 16. Ng3 Qh4 17. Qe2 Nb8 18. Be5 Nc6 19. e4 Nxe5 20. exd5 Qd4+ 21.
Kh1 Rxd5 22. Rfd1 Nd3 23. Rf1 Qxb2 24. Ra2 Qd4 25. Rc2 c5 26. Qe4 Rfd8 0-1

[Event "SA team"]
[Site "http://www.queenalice.com/game.php?id=309786"]
[Date "2007.11.25"]
[Round "1"]
[White "A10"]
[Black "lecterror"]
[Result "0-1"]
[WhiteElo "1418"]
[BlackElo "1947"]

1. e4 e6 2. Nf3 d5 3. e5 c5 4. Bb5+ Bd7 5. Nc3 Bxb5 6. Nxb5 a6 7. Nc3 Nc6 8. d4
Qc7 9. Bg5 cxd4 10. Ne2 Bc5 11. Nexd4 Nxd4 12. Nxd4 Qxe5+ 13. Be3 Ne7 14. O-O
O-O 0-1

[Event "Challenge"]
[Site "http://www.queenalice.com/game.php?id=333026"]
[Date "2008.1.8"]
[Round "-"]
[White "fernando1971"]
[Black "lecterror"]
[Result "1-0"]
[WhiteElo "2145"]
[BlackElo "1949"]

1. e4 e6 2. d4 d5 3. e5 c5 4. c3 Qb6 5. Nf3 Nc6 6. Bd3 Bd7 7. dxc5 Bxc5 8. O-O
f6 9. b4 Be7 10. Be3 Qc7 11. Bf4 f5 12. Qd2 O-O-O 13. Qe3 Kb8 14. Na3 Na5 15.
Ng5 Nh6 16. Nb5 1-0

[Event "SA team"]
[Site "http://www.queenalice.com/game.php?id=349584"]
[Date "2008.2.6"]
[Round "2"]
[White "lecterror"]
[Black "holandes"]
[Result "0-1"]
[WhiteElo "1949"]
[BlackElo "1806"]

1. d4 Nf6 2. c4 g6 3. g3 Bg7 4. Bg2 O-O 5. Nc3 d6 6. Nf3 Nc6 7. O-O a6 8. d5 Na5
9. Nd2 c5 10. Qc2 Rb8 11. b3 b5 12. Bb2 bxc4 13. bxc4 Bh6 14. Ncb1 Bxd2 15. Nxd2
Qb6 16. Bxf6 exf6 17. Rab1 Qc7 0-1

[Event "Invitation ti je chacha"]
[Site "http://www.queenalice.com/game.php?id=409045"]
[Date "2008.5.27"]
[Round "-"]
[White "sercegovic"]
[Black "lecterror"]
[Result "1/2-1/2"]
[WhiteElo "1257"]
[BlackElo "1929"]

1. e4 e6 2. d4 d5 3. e5 c5 4. Nf3 Qb6 5. Be3 Qxb2 6. Nbd2 Qb6 7. Rb1 Qc7 8. dxc5
Bxc5 9. Bb5+ Bd7 10. Bxc5 Bxb5 11. Rxb5 a6 12. Bd6 Qd7 13. Rc5 Nc6 14. Ng5 f6
15. f4 fxg5 16. Qh5+ g6 17. Qxg5 Rc8 18. Nb3 Qd8 19. O-O Qxg5 20. fxg5 Nge7 21.
Rf6 Nf5 22. Rxe6+ Kd7 23. Rf6 d4 24. Rf7+ Ke6 25. Rf6+ Kd7 26. Rf7+ Ke6 27. Rxb7
Nxd6 28. exd6 Kxd6 29. Rb6 Rhe8 30. h3 Re5 31. Rxe5 Kxe5 32. a3 Nd8 33. Na1 d3
34. Rb1 dxc2 35. Rc1 Ne6 36. Nxc2 Nxg5 37. Re1+ Ne4 38. Nb4 1/2-1/2

[Event "Challenge"]
[Site "http://www.queenalice.com/game.php?id=413774"]
[Date "2008.6.5"]
[Round "-"]
[White "lecterror"]
[Black "strangy"]
[Result "1/2-1/2"]
[WhiteElo "1929"]
[BlackElo "1543"]

1. d4 f5 2. c4 Nf6 3. Nc3 g6 4. Nf3 Bg7 5. Bg5 O-O 6. Qc1 d6 7. Bh6 Nc6 8. Bxg7
Kxg7 9. d5 Ne5 10. Nxe5 dxe5 11. e3 e6 12. Be2 exd5 13. cxd5 Nxd5 14. Nxd5 Qxd5
15. Qxc7+ Rf7 16. Bc4 Rxc7 17. Bxd5 Kf6 18. Rd1 Be6 19. Bxe6 Kxe6 20. Ke2 Rc2+
21. Rd2 Rac8 22. Rd1 e4 23. f4 R8c7 24. Rxc2 Rxc2+ 25. Rd2 Rc1 26. Rd1 Rc5 27.
Rd8 Ra5 28. a3 Rb5 29. b4 a5 30. Rd4 axb4 31. axb4 Rb6 32. Rc4 Kd5 33. Rd4+ Kc6
34. h3 Kb5 35. g4 Ka4 36. Rd7 fxg4 37. hxg4 h5 38. gxh5 gxh5 39. Re7 Rxb4 40. f5
Ka3 41. Re5 Rb2+ 42. Ke1 Rb6 43. Rxe4 Rf6 44. Re5 Kb4 45. e4 b5 46. Ke2 Rf8 47.
Re7 Kc5 48. Kd3 b4 49. Re5+ Kc6 50. Re6+ Kc5 51. Rh6 b3 52. Rxh5 b2 53. Rh1 Rb8
1/2-1/2

[Event "Challenge"]
[Site "http://www.queenalice.com/game.php?id=418704"]
[Date "2008.6.16"]
[Round "-"]
[White "REUSKING"]
[Black "lecterror"]
[Result "1/2-1/2"]
[WhiteElo "1918"]
[BlackElo "1929"]

1. e4 e6 2. d4 d5 3. exd5 exd5 4. Bd3 Nc6 5. c3 Bd6 6. Ne2 Qh4 7. Ng3 Nge7 8.
O-O O-O 9. Be3 f5 10. f4 g5 11. Qh5 Qxh5 12. Nxh5 g4 13. Ng3 Bd7 14. Nd2 Rae8
15. Nb3 Ng6 16. Bd2 b6 17. Ne2 a5 18. a4 h5 19. g3 h4 20. Rae1 hxg3 21. hxg3
Nce7 22. Bb5 Bxb5 23. axb5 Nc8 24. Nec1 Na7 25. Nd3 Nxb5 26. Ne5 Kg7 27. Kg2 Rh8
28. Rh1 a4 29. Nc1 Rxh1 30. Rxh1 c5 31. Nxg6 Kxg6 32. dxc5 bxc5 33. Re1 Rxe1 34.
Bxe1 c4 35. Ne2 a3 36. bxa3 Bxa3 37. Kf2 Bc5+ 38. Kg2 1/2-1/2